| 000 | 01416nam a22003497i 4500 | ||
|---|---|---|---|
| 003 | URS | ||
| 005 | 20250428154243.0 | ||
| 008 | 220523b ||||| |||| 00| 0 eng d | ||
| 020 | _a9786210422108 | ||
| 040 |
_aCvSU-CCAT Campus Library _bEnglish _cCvSU-CCAT Campus Library _erda _cURS |
||
| 050 | 1 | 4 |
_aBJ1012 _b.C72 2021 |
| 245 |
_aA Course module for ethics / _cOscar G. Bulaong, Jr...[and four others]; Greg Tabios Pawilen, coordinator. |
||
| 250 | _a2021 edition. | ||
| 264 | 1 |
_aManila : _bRex Book Store, _c©2021. |
|
| 300 |
_avi, 117 pages ; _c26 cm. |
||
| 336 |
_atext _btxt _2rdacontent |
||
| 337 |
_aunmediated _bn _2rdamedia |
||
| 338 |
_avolume _bnc _2rdacarrier |
||
| 490 | _a(GEC series) | ||
| 501 | _aOutcomes-Based Education (OBE). | ||
| 504 | _aIncludes bibliographical references. | ||
| 505 | _aUnit 1 : The ethical dimension of humane existence Unit 2 : Utilitarianism Unit 3 : Natural law Unit 4 : Deontology Unit 5 : Virtue ethics Unit 6 : Synthesis : making informed decisions | ||
| 546 | _aIn English text. | ||
| 650 | 0 |
_aEthics. _930 |
|
| 700 |
_aBulaong Jr., Oscar G., _eauthor. _91180 |
||
| 700 |
_aLagliva, Albert M., _eauthor. _94660 |
||
| 700 |
_aMariano, Michael Ner E., _eauthor. _94661 |
||
| 700 |
_aCalano, Mark Joseph T., _eauthor. _94001 |
||
| 700 |
_aPrincipe, Jesus Deogracias Z., _eauthor. _94662 |
||
| 700 |
_aPawilen, Greg Tabios., _91160 _ecoordinator. |
||
| 942 |
_2lcc _cF |
||
| 999 |
_c68975 _d68975 |
||